| 000 | 00932nam a2200229Ia 4500 | ||
|---|---|---|---|
| 008 | 0000001991 sp a 0000000000spa00 | ||
| 090 | _aPSP00 T93p | ||
| 100 | 1 |
_aTXillida, Pedro _d1952 |
|
| 245 | 1 | 0 |
_aPedro Txillida _b: pinturas, dibujos, collages _c/ fotografías Melli Pérez Madero, Jesús Uriarte |
| 300 |
_a30 p. _c/ 34 cm. |
||
| 500 | _aExposición realizada en la Galería Nieves Fernández, Madrid, Diciembre 1990 Enero 1991 \ Con el patronazgo del maestro venezolano Jesús Rafael Soto (q.e.p.d.) | ||
| 600 | 0 | 0 |
_aTXILLIDA, PEDRO, 1952/ _xTRABAJOS PICTORICOS |
| 650 | 1 | 4 | _aARTE CONTEMPORANEO ESPAÑOL |
| 650 | 1 | 4 | _aARTISTAS PLASTICOS ESPAÑOLES |
| 650 | 1 | 4 | _xCATALOGOS |
| 650 | 1 | 4 | _aCOLLAGE |
| 650 | 1 | 4 | _aDIBUJOS ESPAÑOLES |
| 650 | 1 | 4 | _xEXPOSICIONES |
| 650 | 1 | 4 | _aPINTURA ESPAÑOLA |
| 700 | 1 | _aPérez Madero, Melli \ Uriarte, Jesús | |
| 999 |
_c4928 _d4928 |
||
| 260 |
_aMadrid : Galería Nieves Fernández _c1991 |
||